Diario di una scuola di campagna / (Record no. 51412)

MARC details
000 -LEADER
campo de control de longitud fija 00575nam a2200169 i 4500
001 - NÚMERO DE CONTROL
campo de control 51412
003 - IDENTIFICADOR DE NÚMERO DE CONTROL
campo de control ES-MaACL
005 - FECHA Y HORA DE LA ÚLTIMA TRANSACCIÓN
campo de control 20230906162345.0
007 - CAMPO FIJO DE DESCRIPCIÓN FÍSICA--INFORMACIÓN GENERAL
campo de control de longitud fija t|
008 - DATOS DE LONGITUD FIJA--INFORMACIÓN GENERAL
campo de control de longitud fija 030812s1954 it ||||1| ita d
100 1# - ENTRADA PRINCIPAL--NOMBRE DE PERSONA
Nombre de persona D'Alberto, Giovanni.
9 (RLIN) 42334
245 10 - MENCIÓN DEL TÍTULO
Título Diario di una scuola di campagna /
Mención de responsabilidad, etc. Giovanni D'Alberto ;.
260 ## - PUBLICACIÓN, DISTRIBUCIÓN, ETC.
Lugar de publicación, distribución, etc. Firenze :
Nombre del editor, distribuidor, etc. Centro Didattico Naz di Studi e Documentazione,
Fecha de publicación, distribución, etc. [1954] (
Fabricante Societá d'arte poligrafica)
300 ## - DESCRIPCIÓN FÍSICA
Extensión 101 p. ;
Dimensiones 23 cm.
710 2# - ENTRADA AGREGADA--NOMBRE DE ENTIDAD CORPORATIVA
Nombre de entidad corporativa o nombre de jurisdicción como elemento de entrada Centro Didattico Naz di Studi e Documentazione.
9 (RLIN) 2727
852 ## - LOCALIZACIÓN
Ubicación ES-MaACL
Número de control de estantería C-21935
Sublocalización o colección R.50226
Holdings
Estatus retirado Estado de pérdida Estado de daño No para préstamo Biblioteca de origen Biblioteca actual Ubicación en estantería Fecha de adquisición Fuente de adquisición Total de préstamos Signatura topográfica completa Código de barras Visto por última vez Precio de reemplazo Tipo de ítem Koha
        Biblioteca del Ateneo de Madrid Biblioteca del Ateneo de Madrid Galería 17/01/2008     C-21935 1054070 23/02/2023 23/02/2023 Libro impreso